| 000 | 00572nam a2200217Ia 4500 | ||
|---|---|---|---|
| 003 | GCL | ||
| 008 | 140319s9999 xx 000 0 eng d | ||
| 020 | _a2268004910 | ||
| 040 |
_aGCL / _cGCL |
||
| 082 | 0 | 4 |
_aCH _b843 _bJ B |
| 100 | 1 | _aJAIS, PIERRE | |
| 245 | 1 | 0 |
_aLA B.D DU BRIDGE / _cJAIS, PIERRE |
| 700 | 1 | _aLEBEL, MICHEL | |
| 260 |
_aفرنسا : _bLE ROCHER ، _c1986 |
||
| 300 |
_a62 P _bCOL. ILL. ؛ _c29 cm. |
||
| 650 | 0 | 4 | _aCHILDREN - LITERATURE |
| 650 | 0 | 4 | _aFRENCH FICTION |
| 650 | 0 | 4 | _aFRENCH LITERATURE |
| 650 | 0 | 4 | _aCHILDREN - FICTION |
| 942 |
_2ddc _cBK |
||
| 999 |
_c4841 _d4841 |
||